<?xml version="1.0" encoding="UTF-8"?>
<record
    xmlns:xsi="http://www.w3.org/2001/XMLSchema-instance"
    xsi:schemaLocation="http://www.loc.gov/MARC21/slim http://www.loc.gov/standards/marcxml/schema/MARC21slim.xsd"
    xmlns="http://www.loc.gov/MARC21/slim">

  <leader>01152nam a22001457a 4500</leader>
  <datafield tag="020" ind1=" " ind2=" ">
    <subfield code="a">9788131770207</subfield>
  </datafield>
  <datafield tag="040" ind1=" " ind2=" ">
    <subfield code="c">NUST</subfield>
  </datafield>
  <datafield tag="082" ind1=" " ind2=" ">
    <subfield code="a">370.15,PAT</subfield>
  </datafield>
  <datafield tag="100" ind1=" " ind2=" ">
    <subfield code="a">Pathak, R.P. </subfield>
    <subfield code="9">106651</subfield>
  </datafield>
  <datafield tag="245" ind1=" " ind2=" ">
    <subfield code="a">Educational Psychology /</subfield>
    <subfield code="c">R.P. Pathak</subfield>
  </datafield>
  <datafield tag="260" ind1=" " ind2=" ">
    <subfield code="a"> India</subfield>
    <subfield code="b">Pearson Education</subfield>
    <subfield code="c">2012</subfield>
  </datafield>
  <datafield tag="300" ind1=" " ind2=" ">
    <subfield code="a">280 p,;</subfield>
  </datafield>
  <datafield tag="505" ind1=" " ind2=" ">
    <subfield code="a">Psychology and Educational Psychology: Meaning, Nature and Methods (Page-1), Human Growth and Development (Page-18), Psychology of adolescents (Page-33), Learning Concept, Nature and Theories (Page-51), Transfer of Learning and Motivation (Page-810, Theories of Teaching-Learning (Page-95), Theories of Teaching-Learning (Page-95), Individual Differences (Page-109), Adjustment: Nature and Process (Page-127), Intelligence: Nature, Theories and Measurement (Page-144), Creativity; Approach and Theories (Page-1670, Personality: Meaning, Concept, Nature and Theories (Page-191), Assessment of Personality (Page-217), Educating Exceptional Children (Page-229), Cognitive Psychology of Bruner (Page-249), Eclectic Psychology of Robrt Gagne (Page-260), Developmental Psychology of Jean Piaget (Page-269).</subfield>
  </datafield>
  <datafield tag="942" ind1=" " ind2=" ">
    <subfield code="2">ddc</subfield>
    <subfield code="c">BK</subfield>
    <subfield code="k">370.15,PAT</subfield>
  </datafield>
  <datafield tag="999" ind1=" " ind2=" ">
    <subfield code="c">592892</subfield>
    <subfield code="d">592892</subfield>
  </datafield>
  <datafield tag="952" ind1=" " ind2=" ">
    <subfield code="0">0</subfield>
    <subfield code="1">0</subfield>
    <subfield code="2">ddc</subfield>
    <subfield code="4">0</subfield>
    <subfield code="7">0</subfield>
    <subfield code="a">MCS</subfield>
    <subfield code="b">MCS</subfield>
    <subfield code="c">GEN</subfield>
    <subfield code="d">2023-01-02</subfield>
    <subfield code="l">0</subfield>
    <subfield code="o">370.15,PAT</subfield>
    <subfield code="p">MCS37885</subfield>
    <subfield code="r">2023-01-02</subfield>
    <subfield code="w">2023-01-02</subfield>
    <subfield code="y">BK</subfield>
    <subfield code="z">Almirah No.54, Shelf No.1</subfield>
  </datafield>
</record>
